000 01268nam a2200325 a 4500
001 000048487
003 DO-SdBNP
005 20250220104609.0
007 ta
008 240501s2010 dr r 000 spa d
020 _a9993490962
040 _aDO-SdBNP
_bspa
_cBNPHU
_drda
082 _a343.01016
_bI39
_222
110 1 _aRepública Dominicana.
_bMinisterio de Defensa.
_975436
245 0 _aÍndice de la legislación militar dominicana, 1844-2008
_cCompilado y actualizado por Ana Marina Méndez Gómez, Miledys Marmolejos de Carvajal y Ana Nilda Pichardo de los Santos.
250 _a2 da. ed., corregida y aumentada
264 _aSanto Domingo :
_bMinisterio de Defensa,
_c2010
300 _a254 paginas. ;
_c28 cm.
336 _2rdacontent
_atexto
_btxt
337 _2rdamedia
_asin mediación
_bn
338 _2rdacarrier
_avolumen
_bnc
590 _aInventariado, 2024 / DG
650 4 _aDerecho
_zRepública Dominicana
_vÍNDICES
_953754
700 _aMéndez Gómez, Ana Marina
_ecompilador
_975912
700 _aMarmolejos de Carvajal, Miledys
_ecompilador
_975913
700 _aPichardo de los Santos, Ana Nilda
_ecompilador
_985354
740 0 _aLey orgánica de las Fuerzas Armadas de la República Dominicana.
910 _aDG
942 _2ddc
_cLBS1
999 _c56565
_d56565